000 00715nam a2200217 a 4500
001 000020237
005 20240412074249.0
008 100730s2005 dr 000 0 spa d
020 _a994585125X
040 _aDO-SdBNP
_bspa
_cBNPHU
082 _a8XX
_bT654c
100 1 _aTolstoi, León,
_d(1828-1910)
_942786
245 1 0 _a¿Cuánta tierra necesita el hombre? /
_cLeón Tolstoi.
260 _aSanto Domingo :
_bEdiciones D
_bUniversidad Nacional de México,
_c2005.
300 _a68 p. ;
_c17 cm.
500 _aIncluye notas al pie de páginas
500 _aIncluye datos biográficos del autor en la contracubierta
650 4 _aCuentos rusos
_942846
650 0 _aLiteratura dominicana.
_967
049 _aBNPD
999 _c19742
_d19742